00588nam a2200193Ia 4500003000900000008004100009020002200050040001600072080001300088100002600101245007600127260003100203300001700234490007000251650002000321650002600341650001600367650001100383IN-BaIIA211028s9999 xx 000 0 eng d a978-0-262-51648-8 cIIA Library a510bGUI aGuicciardini, Niccolo 0aIsaac Newton on mathematical certainty and methodcNiccolo Guicciardini aCambridgebMIT pressc2011 axxiii, 422p. aTransformations: studies in the history of science and technology aIsaac 1642-1727 aMathematical analysis aMathematics aNewton